000 00207nam a22000977a 4500
999 _c533528
_d533528
040 _cDLC
082 _a624.068
_bHAR
100 _aHarris, Frank
_927470
245 _aConstruction Management
942 _2ddc
_cBK